| 000 | 00632nam a2200193 a 4500 | ||
|---|---|---|---|
| 001 | 000035266 | ||
| 005 | 20200930074221.0 | ||
| 008 | 111027s1976 ve a 000 0 spa d | ||
| 040 |
_aDO-SdBNP _bspa _cBNPHU |
||
| 082 |
_axxxx _bxxxx |
||
| 100 | 1 |
_aNott, David _961024 |
|
| 245 | 1 | 0 |
_aDescenso al mundo perdido / _cDavid Nott ; traducción Jorge Musto. |
| 260 |
_aVenezuela, : _bMonte avila, _c1976. |
||
| 300 |
_a133 p. : _bil. ; _c23 cm. |
||
| 490 | 1 | _aTemas venezolanos | |
| 590 | _aPerteneció a la biblioteca personal de Juan Isidro Jimenes Grullón | ||
| 700 | 1 |
_aMusto, Jorge, _etr. _961025 |
|
| 830 | 0 |
_aTemas venezolanos _96823 |
|
| 999 |
_c34757 _d34757 |
||